000 00668nam a22002177a 4500
005 20260427095234.0
008 260427b |||||||| |||| 00| 0 eng d
020 _a9783866305328
_qhb
020 _a386630532X
_qhb
082 _a620.106
_bMEZ.5E
100 _aMezger, Thomas G.
245 _aThe rheology handbook : for users of rotational and oscillatory rheometers [5th ed.]
250 _a5th rev. ed.
260 _aHannover
_bVincentz Network
_c2020
300 _a528p. ; 26cm.
440 _aEuropean coatings library
653 _aHandbooks and manuals
653 _aRheology (Biology)
653 _aRheology Handbooks, manuals, etc
942 _2ddc
_cBK
999 _c53151
_d53151